Basic language : messages and meanings : text and grammar handbook : teacher's guide /

Bibliographic Details
Main Author: John, Mellie
Other Authors: Yates, Paulene M., De Laney, Edward N., De Boer, John James, 1903-1969
Format: Book
Language:English
Published: New York : Harper & Row, [1978-]
Subjects:

MARC

Tag First Indicator Second Indicator Subfields
LEADER 00000cam a2200000 i 4500
001 in00000082512
005 20170119160406.0
008 791101m19789999nyu 00110 eng d
020 |a 0065302087 (v.3) 
020 |a 0065302095 (v.4) 
020 |a 0065302109 (v.5) 
020 |a 0065302117 (v.6) 
035 |a (OCoLC)05631924 
035 |9 AAH5983AM 
040 |a IBS  |c IBS  |d TXA  |d UtOrBLW 
049 |a [Curr Col] TXAM  |c 1  |v 3 [1632281]  |v 4 [1632283]  |v 5 [1632285]  |v 6 [1632287]  |c 2  |v 3 [1632282]  |v 4 [1632284]  |v 5 [1632286]  |v 6 [1632288]  |c 3  |v 6 [A08983021] 
090 |a PE1112  |b .J47 1978 Guide 
100 1 |a John, Mellie. 
245 1 0 |a Basic language :  |b messages and meanings : text and grammar handbook : teacher's guide /  |c Mellie John, Paulene M. Yates, Edward N. De Laney ; basic language coordinator, Norma E. Biedenharn. 
264 1 |a New York :  |b Harper & Row,  |c [1978-] 
264 4 |c ©1978- 
300 |a volumes ;  |c 23 cm. 
336 |a text  |b txt  |2 rdacontent 
337 |a unmediated  |b n  |2 rdamedia 
338 |a volume  |b nc  |2 rdacarrier 
500 |a Cataloged from volume 3. 
500 |a Volume 6 by John J. De Boer. 
500 |a Some of the materials in this book were published under the titles of Building better English and The new building better English. 
500 |a Gr. 7-12. 
500 |a Includes indexes. 
650 0 |a English language  |x Composition and exercises. 
650 0 |a English language  |x Grammar. 
700 1 |a Yates, Paulene M. 
700 1 |a De Laney, Edward N. 
700 1 |a De Boer, John James,  |d 1903-1969. 
999 |a MARS 
999 f f |s 2fab5607-f090-39cb-a231-9a53b610ecae  |i e788a1b4-65e7-359a-924b-d1f843c49d3c  |t 0 
952 f f |a Texas A&M University  |b Rellis Campus  |c Joint Library Facility  |d Remote Storage  |e PE1112 .J47 1978  |h Library of Congress classification  |i unmediated -- volume  |k v.6  |l Teachers Guide  |m A14808983021  |p ric  |s JLF  |t 0 
952 f f |a Texas A&M University  |b Rellis Campus  |c Joint Library Facility  |d Remote Storage  |e PE1112 .J47 1978  |h Library of Congress classification  |i unmediated -- volume  |k v.4  |l Teachers Guide  |m A14800230678  |p ric  |s JLF  |t 0 
952 f f |p normal  |a Texas A&M University  |b College Station  |c Sterling C. Evans Library  |s Evans stk  |d Evans: Library Stacks  |t 0  |e PE1112 .J47 1978  |h Library of Congress classification  |i unmediated -- volume  |m A14800230709 
952 f f |a Texas A&M University  |b Rellis Campus  |c Joint Library Facility  |d Remote Storage  |e PE1112 .J47 1978  |h Library of Congress classification  |i unmediated -- volume  |k v.5  |l Teachers Guide  |m A14800230686  |p ric  |s JLF  |t 0 
998 f f |a PE1112 .J47 1978  |s v.3 Teachers Guide  |t 0  |l Evans: Library Stacks 
998 f f |a PE1112 .J47 1978  |s v.6 Teachers Guide  |t 0  |l Remote Storage